000
00324nam a22001337a 4500
008
170622b xxu||||| |||| 00| 0 eng d
020
_a
0842022686
041
_a
eng
080
_a
94
100
_a
18
101
_a
SHH
245
_a
DECISIONS AT YALTA AN APPRAISAL OF SUMMIT DIPLOMACY
_c
BUHITE.R.D
942
_2
udc
_c
BK
999
_c
18670
_d
18670